000 00298nam a2200121Ia 4500
008 190216s9999||||xx |||||||||||||| ||und||
100 _aVallathol Narayanamenon
245 0 _aSahithya Manjari Vol 5
260 _bD C Books Kerala
_c1926
300 _a93p
650 _aKavithkal
942 _cBK
999 _c26177
_d26177